000 00880nam a22002177a 4500
999 _c10570
_d10570
003 AR-CdUCM
008 190401b ||||| |||| 00| 0 spa d
040 _aMUNICIPALIDAD PROVINCIAL DEL CUSCO
_cBIBLIOTECA MUNICIPAL DEL CUSCO
082 _a398.8 /
_bC25 / 2000
100 _aCanelo Marcet, Flor de María
_927512
245 _aGatito travieso :
_bcanciones andinas de los maestros para los niños /
260 _aCusco :
_bAsociación Pukllasunchis,
_c2000.
300 _a60 páginas ;
_bIlustraciones,
_c26.5 cm.
505 _aContenido: Vamos todos juntitos -- Torito mañoso -- Santo tomas cárcel -- Corazón de cantarito -- Estudiante -- Mi bandera ...
650 _aCanciones infantiles quechuas
_927513
650 _aCanciones y música
_927514
650 _aNiños
_99390
710 _aAsociación Pukllasunchis (Cusco)
_927515
942 _2ddc
_cLIBROS
945 _aacv